[Event "Titled Tuesday intern op 30th Aug Late"]
[Site "Chess.com INT"]
[Date "2022.08.30"]
[Round "1"]
[White "Lewtak, Damian"]
[Black "Sohier, Julien"]
[Result "1-0"]
[WhiteElo "2396"]
[BlackElo "2192"]
[PlyCount "103"]
[EventDate "2022.08.30"]
[EventType "swiss (blitz)"]
[EventRounds "11"]
[EventCountry "USA"]
[SourceTitle "EXT 2023"]
[Source "ChessBase"]
[SourceDate "2022.10.05"]
[SourceVersion "1"]
[SourceVersionDate "2022.10.05"]
[SourceQuality "1"]

1. h4 e5 2. g3 d5 3. Bg2 Nf6 4. b3 Bg4 5. a4 c6 6. Bb2 Bd6 7. d3 Nbd7 8. Nd2 Qc7 9. Qc1 0-0 10. e4 Rfe8 11. Ne2 dxe4 12. dxe4 Bxe2 13. Kxe2 Nc5 14. Re1 Rad8 15. Kf1 Ne6 16. Nf3 Ng4 17. Kg1 Bc5 18. Re2 Nd4 19. Nxd4 Bxd4 20. c3 Bc5 21. b4 Bf8 22. Bh3 Nf6 23. Qc2 Qd6 24. Kg2 Qd3 25. Rc1 Qxc2 26. Rcxc2 Rd3 27. f3 Red8 28. Kf2 a5 29. Bf1 axb4 30. cxb4 Bxb4 31. Bxe5 Ne8 32. Kg2 c5 33. Bb2 Rd1 34. f4 f6 35. e5 fxe5 36. fxe5 Nc7 37. Rf2 Ne6 38. Bc4 Re8 39. Rf3 h6 40. Rcf2 Kh7 41. Rf7 b6 42. Rb7 Ba5 43. Kh3 Rd2 44. Rxd2 Bxd2 45. Rxb6 Nd4 46. Bd3+ Kh8 47. Bg6 Rd8 48. Bxd4 cxd4 49. e6 Ba5 50. Rb5 d3 51. e7 d2 52. exd8Q+ 1-0

[Event "Titled Tuesday intern op 30th Aug Late"]
[Site "Chess.com INT"]
[Date "2022.08.30"]
[Round "3"]
[White "Sohier, Julien"]
[Black "Dauner, Benedikt"]
[Result "0-1"]
[WhiteElo "2192"]
[BlackElo "2324"]
[PlyCount "54"]
[EventDate "2022.08.30"]
[EventType "swiss (blitz)"]
[EventRounds "11"]
[EventCountry "USA"]
[SourceTitle "EXT 2023"]
[Source "ChessBase"]
[SourceDate "2022.10.05"]
[SourceVersion "1"]
[SourceVersionDate "2022.10.05"]
[SourceQuality "1"]

1. e4 Nf6 2. e5 Nd5 3. d4 d6 4. Nf3 g6 5. Bc4 Nb6 6. Bb3 Bg7 7. 0-0 0-0 8. exd6 cxd6 9. Re1 Bg4 10. c3 Nc6 11. Bg5 h6 12. Bh4 Qc7 13. Na3 a6 14. h3 Bf5 15. g4 Bd7 16. Bxe7 Nxe7 17. Rxe7 Bf6 18. Qd3 d5 19. Re3 Kg7 20. Ne5 h5 21. gxh5 Bf5 22. Qe2 Rh8 23. Ng4 Bg5 24. Re5 Rxh5 25. Kg2 Rah8 26. Rh1 Qd7 27. Bc2 Bxg4 0-1

[Event "Titled Tuesday intern op 30th Aug Late"]
[Site "Chess.com INT"]
[Date "2022.08.30"]
[Round "5"]
[White "Sohier, Julien"]
[Black "Przybylski, Wojciech"]
[Result "0-1"]
[WhiteElo "2192"]
[BlackElo "2321"]
[PlyCount "110"]
[EventDate "2022.08.30"]
[EventType "swiss (blitz)"]
[EventRounds "11"]
[EventCountry "USA"]
[SourceTitle "EXT 2023"]
[Source "ChessBase"]
[SourceDate "2022.10.05"]
[SourceVersion "1"]
[SourceVersionDate "2022.10.05"]
[SourceQuality "1"]

1. e4 e5 2. Nf3 Nc6 3. Bc4 Nf6 4. d3 Bc5 5. 0-0 0-0 6. a4 d6 7. h3 a6 8. Re1 h6 9. c3 Re8 10. Na3 Ba7 11. Nc2 Be6 12. Bxe6 Rxe6 13. Be3 d5 14. Bxa7 Rxa7 15. Qe2 Ra8 16. exd5 Qxd5 17. Ne3 Qd7 18. Nf5 Rae8 19. Rad1 Kh7 20. Nd2 g6 21. Ng3 Nd5 22. Nde4 Qe7 23. Qc2 f5 24. Nd2 Nf4 25. Nf3 e4 26. dxe4 fxe4 27. Nd4 Nxd4 28. Rxd4 e3 29. fxe3 Rxe3 30. Rxe3 Qxe3+ 31. Kh2 Re7 32. Qd2 Qxd2 33. Rxd2 g5 34. Nf5 Rf7 35. g4 Kg6 36. Rd8 h5 37. Rg8+ Kf6 38. Nh6 Rd7 39. gxh5 Nxh5 40. Ng4+ Kf5 41. Rf8+ Ke4 42. Re8+ Kf4 43. Rf8+ Ke4 44. Re8+ Kd5 45. Rg8 Ke6 46. Rxg5 Rd2+ 47. Kg1 Nf4 48. Re5+ Kd6 49. Re4 Nxh3+ 50. Kf1 Rxb2 51. Ke1 Kc5 52. Ne5 Kd5 53. Re3 Nf4 54. Kd1 Ng2 55. Nd3 Nxe3+ 0-1

[Event "Titled Tuesday intern op 23rd Aug Late"]
[Site "Chess.com INT"]
[Date "2022.08.23"]
[Round "10"]
[White "Mitrovic, Darko R"]
[Black "Sohier, Julien"]
[Result "1-0"]
[WhiteElo "2223"]
[BlackElo "2192"]
[PlyCount "101"]
[EventDate "2022.08.23"]
[EventType "swiss (blitz)"]
[EventRounds "11"]
[EventCountry "USA"]
[SourceTitle "EXT 2023"]
[Source "ChessBase"]
[SourceDate "2022.10.05"]
[SourceVersion "1"]
[SourceVersionDate "2022.10.05"]
[SourceQuality "1"]

1. d4 d5 2. c4 dxc4 3. e4 e5 4. Nf3 exd4 5. Qxd4 Nc6 6. Qxd8+ Nxd8 7. Bxc4 Be6 8. Bxe6 Nxe6 9. 0-0 Nf6 10. Nc3 Bb4 11. Nd5 Be7 12. Re1 c6 13. Nf4 Nxf4 14. Bxf4 0-0 15. Rad1 Rad8 16. Rxd8 Rxd8 17. Kf1 Bb4 18. Rc1 Nxe4 19. Rc4 Nd2+ 20. Bxd2 Bxd2 21. Ke2 Ba5 22. Rd4 Rxd4 23. Nxd4 g6 24. Nc2 f5 25. Kd3 Bb6 26. f3 Kf7 27. Kc4 Ke6 28. Nb4 Bc7 29. h3 Bd6 30. Nd3 b5+ 31. Kd4 a5 32. b3 h5 33. Nc5+ Bxc5+ 34. Kxc5 Kd7 35. Kb6 a4 36. bxa4 bxa4 37. Ka5 Kd6 38. Kxa4 Kc5 39. Kb3 Kb5 40. Kc3 Ka4 41. Kc4 Ka3 42. Kc5 Kxa2 43. Kxc6 Kb3 44. Kd5 Kc3 45. Ke5 Kd3 46. Kf6 Ke3 47. Kxg6 Kf2 48. Kxf5 Kxg2 49. h4 Kg3 50. Kg5 Kxf3 51. Kxh5 1-0

[Event "Titled Tuesday intern op 23rd Aug Late"]
[Site "Chess.com INT"]
[Date "2022.08.23"]
[Round "9"]
[White "Sohier, Julien"]
[Black "Tarnowska, Aleksandra"]
[Result "1-0"]
[WhiteElo "2192"]
[BlackElo "1876"]
[PlyCount "45"]
[EventDate "2022.08.23"]
[EventType "swiss (blitz)"]
[EventRounds "11"]
[EventCountry "USA"]
[SourceTitle "EXT 2023"]
[Source "ChessBase"]
[SourceDate "2022.10.05"]
[SourceVersion "1"]
[SourceVersionDate "2022.10.05"]
[SourceQuality "1"]

1. e4 c5 2. Nc3 d6 3. d4 cxd4 4. Qxd4 Nc6 5. Qd2 g6 6. b3 Bg7 7. Bb2 Nf6 8. 0-0-0 0-0 9. Kb1 Nd7 10. h4 h6 11. f4 Nc5 12. h5 a5 13. hxg6 fxg6 14. Bc4+ Kh7 15. Nf3 Bg4 16. f5 gxf5 17. Nd5 e6 18. Bxg7 Kxg7 19. Qxh6+ Kf7 20. Ng5+ Ke8 21. Nxe6 Nxe6 22. Qxe6+ Ne7 23. Bb5+ 1-0

[Event "Titled Tuesday intern op 09th Aug Early"]
[Site "Chess.com INT"]
[Date "2022.08.09"]
[Round "2"]
[White "Dilanyan, Grigor"]
[Black "Sohier, Julien"]
[Result "1-0"]
[WhiteElo "2247"]
[BlackElo "2192"]
[PlyCount "93"]
[EventDate "2022.08.09"]
[EventType "swiss (blitz)"]
[EventRounds "11"]
[EventCountry "USA"]
[SourceTitle "EXT 2023"]
[Source "ChessBase"]
[SourceDate "2022.10.05"]
[SourceVersion "1"]
[SourceVersionDate "2022.10.05"]
[SourceQuality "1"]

1. d4 d5 2. Nf3 Nf6 3. g3 g6 4. Bg2 Bg7 5. 0-0 0-0 6. c4 c6 7. cxd5 cxd5 8. Nc3 Nc6 9. Ne5 Ng4 10. Nxd5 Ngxe5 11. dxe5 Nxe5 12. Bg5 f6 13. Bf4 Be6 14. Rc1 Rc8 15. Rxc8 Bxc8 16. Qb3 e6 17. Bxe5 fxe5 18. Nc3 Qb6 19. Qxb6 axb6 20. Rd1 Bf6 21. e3 Rd8 22. Rxd8+ Bxd8 23. Kf1 Kf7 24. Ke2 Ke7 25. Kd3 Kd6 26. Kc4 h5 27. h4 Kc7 28. Nb5+ Kd7 29. Be4 g5 30. hxg5 Bxg5 31. Nc3 h4 32. g4 Kd6 33. Bg2 Kc7 34. Ne4 Be7 35. g5 Bd7 36. g6 Bf8 37. Nf6 b5+ 38. Kd3 Bc6 39. Bh3 e4+ 40. Ke2 e5 41. Nh5 Bd5 42. b3 Kd6 43. Bc8 b6 44. Kf1 Bh6 45. Nf6 Bg5 46. Nxd5 Kxd5 47. g7 1-0

[Event "Titled Tuesday intern op 09th Aug Early"]
[Site "Chess.com INT"]
[Date "2022.08.09"]
[Round "5"]
[White "Ismayil, Malak"]
[Black "Sohier, Julien"]
[Result "1-0"]
[WhiteElo "1941"]
[BlackElo "2192"]
[PlyCount "87"]
[EventDate "2022.08.09"]
[EventType "swiss (blitz)"]
[EventRounds "11"]
[EventCountry "USA"]
[SourceTitle "EXT 2023"]
[Source "ChessBase"]
[SourceDate "2022.10.05"]
[SourceVersion "1"]
[SourceVersionDate "2022.10.05"]
[SourceQuality "1"]

1. e4 e5 2. Nf3 Nc6 3. Bc4 Bc5 4. 0-0 Nf6 5. d3 0-0 6. Nc3 h6 7. h3 Re8 8. Be3 Bb6 9. Qd2 Nd4 10. Bxd4 Bxd4 11. Nxd4 exd4 12. Ne2 c5 13. Bb3 d5 14. exd5 Nxd5 15. Rae1 Be6 16. Ng3 Qd7 17. Ne4 b6 18. Qd1 Bf5 19. Ng3 Be6 20. Qf3 Rad8 21. Nh5 Kh7 22. Qg3 Rg8 23. Qf3 Rde8 24. Ng3 Nb4 25. a3 Bxb3 26. cxb3 Nd5 27. Ne4 f5 28. Nd2 g6 29. Nc4 Nf6 30. a4 Rxe1 31. Rxe1 Re8 32. Rxe8 Qxe8 33. Kf1 Qe6 34. Qb7+ Qd7 35. Qb8 h5 36. Ne5 Qe7 37. Nc6 Qe6 38. Qxa7+ Kh6 39. Qxb6 f4 40. Qxc5 f3 41. Nxd4 fxg2+ 42. Kxg2 Qe1 43. Nf3 Qc1 44. Qxc1+ 1-0